My days: (Record no. 5659)
[ view plain ]
| 000 -LEADER | |
|---|---|
| fixed length control field | 00707 a2200205 4500 |
| 010 ## - LCCN (DPL NO) | |
| LC control number | ENG-86994 |
| 020 ## - INTERNATIONAL STANDARD BOOK NUMBER | |
| International Standard Book Number | 8185986231 |
| Terms of availability | 500.00 |
| 035 ## - SYSTEM CONTROL NUMBER | |
| System control number | EN-70527 |
| 035 ## - SYSTEM CONTROL NUMBER | |
| System control number | B-260869-872 |
| 037 ## - SOURCE OF ACQUISITION | |
| Source of stock number/acquisition | DBAD / PUB |
| 082 ## - DEWEY DECIMAL CLASSIFICATION NUMBER | |
| Classification number | 921 |
| 100 ## - MAIN ENTRY--PERSONAL NAME | |
| Personal name | Narayan, R. K. |
| 245 ## - TITLE STATEMENT | |
| Title | My days: |
| Statement of responsibility, etc | by R. K. Narayan; Illustrated by R. K. Laxman |
| Remainder of title | autobiography / |
| 260 ## - PUBLICATION, DISTRIBUTION, ETC. (IMPRINT) | |
| Place of publication, distribution, etc | Madras |
| Name of publisher, distributor, etc | Indian Thought Publications |
| Date of publication, distribution, etc | 2006 |
| 270 ## - ADDRESS | |
| Address | 38, Thanikachalam Road, T. Nagar, |
| City | Chennai |
| Postal code | 600 017 |
| 300 ## - PHYSICAL DESCRIPTION | |
| Extent | xii, 216 p. |
| Other physical details | ill. |
| Dimensions | 21 cm. (Hb) |
| 700 ## - ADDED ENTRY--PERSONAL NAME | |
| Personal name | Laxman, R. K. |
| 942 ## - ADDED ENTRY ELEMENTS (KOHA) | |
| Institution code [OBSOLETE] | dpl |
| Item type | English Books |
| Source of classification or shelving scheme | Dewey Decimal Classification |
| Classification part | 921 |
| Call number suffix | NAR |
| Withdrawn status | Lost status | Not for loan | Collection code | Home library | Current library | Source of acquisition | Cost, normal purchase price | Full call number | Barcode | Copy number | Cost, replacement price | Koha item type | Date acquired | Public note |
|---|---|---|---|---|---|---|---|---|---|---|---|---|---|---|
| Non-fiction | Central Library | Central Library | UBH /471/24.5.08/161/30.10.07/19.5.08 | 500.00 | 921 NAR | B-260869 | 1 | 500.00 | English Books | 09/09/2008 | ||||
| Not For Loan | Non-fiction | D.B.Act.Division | D.B.Act.Division | DBAD/PUB | 500.00 | 921 NAR | EN-70527 | 1 | 500.00 | English Books | ||||
| Non-fiction | R.K.Puram-8 | R.K.Puram-8 | 500.00 | 921 NAR | B-260871 | 1 | 500.00 | English Books | 08/10/2008 | |||||
| Binding | Non-fiction | Sarojini Nagar | Sarojini Nagar | 500.00 | 921 NAR | B-260870 | 1 | 500.00 | English Books | 08/10/2008 | Withdrawn List Prepared L.No.140/23 | |||
| Non-fiction | Shahdara Branch | Shahdara Branch | 500.00 | 921 NAR | B-260872 | 1 | 500.00 | English Books | 08/10/2008 |
